LEADER 01217nam a2200241 i 4500 001 000000226829 003 CaOOAMICUS 005 20140204000000.0 008 140204s1991 it u000 u ita u 013 $a205731 040 $aSeMil$bita 245 10$aB. F. e il Maestro di Paolo e Daria :$bun codice e un problema di miniatura lombarda /$ca cura di Luisa Giordano. 260 $aBinasco :$bAssociazione ricreativa e culturale Cassa Rurale ed Artigiana,$c1991. 300 $a218 p. :$bill., in parte rimontate nel testo ;$c25 cm. 500 $aIn custodia. 600 14$aBinasco, Francesco .$0(OLS)http://semarc/subject/41151 650 4$aMiniatura lombarda - Sec. 16.$0(OLS)http://semarc/subject/41150 700 1 $aGiordano, Luisa.$0(OLS)http://semarc/name/59356 850 $aSeMil 852 $aSeMil$W1$xVenegono$y1$m5W VII 65$j177175$B177175$CSeMilBibl$Z2$F188363 $81 961 $aOmaggio: Grampa dott. Cesare 996 $6245$aB. F. e il Maestro di Paolo e Daria :$bun codice e un problema di miniatura lombarda$9(OLS)http://semarc/title/324760 996 $6260$aBinasco :$bAssociazione ricreativa e culturale Cassa Rurale ed Artigiana$9(OLS)http://semarc/publisher/51144 LEADER 00614naa a2200145 i 4500 001 000000295088 003 CaOOAMICUS 005 20180831172519.0 008 180831n xx u000 u und u 013 $a2385 040 $aSeMil$bita 100 1 $aSalmann, Elmar,$c.$0(OLS)http://semarc/name/15776 245 13$aLa verità della carne :$bpostille sul senso teologico dei sensi. 773 0 $aCeruti, Mauro <1953- >$tUomo tra natura e progetto.$dMilano : Studio teologico Cappuccini, stampa 1995.$w()47053 996 $6245$aLa verità della carne :$bpostille sul senso teologico dei sensi$9(OLS)http://semarc/title/371153